000 00630nam a2200181Ia 4500
008 220216s9999 xx 000 0 und d
100 _aJia Demin
245 0 _aEffect of mah modified carbon black prepared by solid state grafting in situ on the adhesion between nylon 66 cords and natural rubber and dynamic mechanical properties of the vulcanizates
260 _bRubber Chemistry and Technology
_c2002
300 _a669-681
650 _aAdhesion
650 _aMah modified carbon black
650 _aNylon 66 cords
650 _aSolid state grafting
650 _aVulcanizates
700 _aZhang Xiliang
942 _cJS
999 _c57946
_d57946